Efectividad de técnicas de preservación culmos y esterilla de bambú

Zapisane w:
Opis bibliograficzny
1. autor: Sotela Montero, Jaime, 1961-
Kolejni autorzy: Blanco Rojas, María Lorena, 1959-2011
Format: Książka
Język:Spanish
Wydane: [San José, Costa Rica] : Universidad de Costa Rica, [Facultad de Ingeniería], Instituto de Investigaciones en Ingeniería, Laboratorio de Productos Forestales 1989
Etykiety: Dodaj etykietę
Nie ma etykietki, Dołącz pierwszą etykiete!

MARC

LEADER 00000nam a2200000Ia 4500
003 PI0012
005 20240418093443.0
008 140114s1989 cr a 000 ||spa d
040 |c cru CEDI  
100 |a Sotela Montero, Jaime, 1961-  |9 2953 
245 |a Efectividad de técnicas de preservación culmos y esterilla de bambú  
260 |a [San José, Costa Rica] : Universidad de Costa Rica, [Facultad de Ingeniería], Instituto de Investigaciones en Ingeniería, Laboratorio de Productos Forestales  |c 1989 
500 |a Informe final de proyecto presentado al Programa Nacional de Bambú del Ministerio de Vivienda y Asentamientos Humanos  
700 |a Blanco Rojas, María Lorena, 1959-2011  |9 1709 
942 |c PI  |h PI-12  |i PI0012  |6 PI_12_PI0012 
999 |c 13121  |d 13121